|
|
|
|
| LEADER |
01324nam a22003374a 4500 |
| 001 |
4503 |
| 003 |
BD-DhAAL |
| 005 |
20170913111145.0 |
| 008 |
150711s2001 enka b 001 0 eng |
| 999 |
|
|
|c 35043
|d 35043
|
| 010 |
|
|
|a 2001046804
|
| 020 |
|
|
|a 1842770780
|
| 020 |
|
|
|a 1842770799
|
| 020 |
|
|
|a 1552660672
|
| 020 |
|
|
|a 0864865139
|
| 040 |
|
|
|a DLC
|c DLC
|d DLC
|d BD-DhAAL
|
| 050 |
0 |
0 |
|a QC981.8.G56
|b G86 2001
|
| 082 |
0 |
0 |
|a 363.738/747
|2 21
|
| 100 |
1 |
|
|a Gupta, Joyeeta,
|d 1964-
|9 13129
|
| 245 |
1 |
0 |
|a Our simmering planet :
|b what to do about global warming? /
|c Joyeeta Gupta.
|
| 260 |
|
|
|a London ;
|a New York :
|a Dhaka :
|b Zed Books,
|b University Press,
|c 2001.
|
| 300 |
|
|
|a xv, 178 p. :
|b ill. ;
|c 20 cm.
|
| 490 |
1 |
|
|a A global issues title
|
| 504 |
|
|
|a Includes bibliographical references (p. 164-171) and index.
|
| 541 |
|
|
|e 4503, 16769
|
| 650 |
|
0 |
|a Global warming.
|9 13130
|
| 650 |
|
0 |
|a Climatic changes.
|9 13131
|
| 830 |
|
0 |
|a Global issues series (Zed Books)
|9 7915
|
| 942 |
|
|
|2 ddc
|c BK
|
| 952 |
|
|
|0 0
|1 0
|2 ddc
|4 0
|6 363_738747000000000_GUP
|7 0
|9 54923
|a SCL
|b SCL
|c GEN
|d 2015-07-11
|g 350.00
|l 1
|m 4
|o 363.738747 GUP
|p 3020004503
|r 2017-11-07
|s 2017-09-30
|t 1
|w 2015-07-11
|y BK
|
| 952 |
|
|
|0 0
|1 0
|2 ddc
|4 0
|6 363_738747000000000_GUP
|7 0
|9 61091
|a IGS
|b IGS
|c GEN
|d 2017-09-13
|e BIGD
|l 0
|o 363.738747 GUP
|p 3010016769
|r 2017-09-13
|t 2
|w 2017-09-13
|y BK
|